00337nam a2200145Ia 45000030006000000080041000060400015000471000017000622450018000792500006000972600053001033000006001565460012001620050017001740STCL150530s9999 xx 000 0 und d aSTCLcSTCL aPaulo Coelho 4aThe Valkyries a1 bOxford University press;New Yorkc2007aNew York a0 aEnglish20220125171019.0